| 000 | 00429nam a2200157 i 4500 | ||
|---|---|---|---|
| 001 | 146350 | ||
| 003 | ES-MaACL | ||
| 005 | 20230906201513.0 | ||
| 007 | t| | ||
| 008 | 070907s1908 sz ||||1| fre d | ||
| 245 | 0 | 0 | _aTravaux du Laboratoire de Physiologie de l'Université de Genève. |
| 260 |
_aGenève : _bGeorg & Ce., _c1908. |
||
| 300 |
_aV, 271 p. ; _c25 cm. |
||
| 500 | _aEs el tom. VII. | ||
| 852 |
_aES-MaACL _jF-12279 |
||
| 999 |
_c146350 _d146350 |
||